000 00375cam a22001217a 4500
008 180718b1941 xxu||||| |||| 00| 0 eng d
082 _aA8 In8
245 _aStatistical activities of the American nations, 1940
260 _aWashington, D.C.
_bInter American Statistical Institute
_c1941
300 _a842p.
500 _a$2.00
650 _aAdministration - Statistics - U.S.A.
999 _c479954
_d479954